Электромагнитные процессы в мощных выпрямителях и их связь с параметрами энергоснабжающей системы: [доклад]; международная конференция по большим электрическим сетям XII сессия, Париж, 24 июня-3 июля 1948 года

Bibliografiske detaljer
Hovedforfatter: Костенко М. П.
Institution som forfatter: Электромагнитные процессы в мощных выпрямителях и их связь с параметрами энергоснабжающей системы
Andre forfattere: Нейман Л. Р.
Sprog:russisk
Udgivet: Москва, Госэнергоиздат, 1948
Fag:
Format: MixedMaterials Bog
KOHA link:https://koha.lib.tpu.ru/cgi-bin/koha/opac-detail.pl?biblionumber=259260

MARC

LEADER 00000nam0a2200000 4500
001 259260
005 20231101233353.0
035 |a (RuTPU)RU\TPU\book\282176 
090 |a 259260 
100 |a 20140506d1948 km y0rusy50 ca 
101 0 |a rus 
102 |a RU 
105 |a a z 101zy 
200 1 |a Электромагнитные процессы в мощных выпрямителях и их связь с параметрами энергоснабжающей системы  |e [доклад]  |e международная конференция по большим электрическим сетям XII сессия, Париж, 24 июня-3 июля 1948 года  |f М. П. Костенко, Л. Р. Нейман 
210 |a Москва  |c Госэнергоиздат  |d 1948 
215 |a 33 с.  |c ил. 
320 |a Библиогр.: с. 32-33. 
606 1 |a Выпрямители  |2 stltpush  |3 (RuTPU)RU\TPU\subj\3906  |9 32244 
610 1 |a электромагнитные переходные процессы 
610 1 |a мощность 
610 1 |a энергоснабжение 
610 1 |a режимы работы 
610 1 |a ртутные выпрямители 
610 1 |a индуктивность 
610 1 |a предельные величины 
610 1 |a гармоники 
610 1 |a электрический ток 
610 1 |a электрическое напряжение 
610 1 |a конференции 
610 1 |a Париж 
675 |a 621.314.6(063)  |v 3 
700 1 |a Костенко  |b М. П. 
701 1 |a Нейман  |b Л. Р. 
712 1 2 |a Электромагнитные процессы в мощных выпрямителях и их связь с параметрами энергоснабжающей системы  |c маждународная конференция по большим электрическим сетям  |d 11 сессия  |e Париж  |f 1948 
801 1 |a RU  |b 63413507  |c 20140506 
801 2 |a RU  |b 63413507  |c 20160331  |g RCR 
942 |c BK